000 00853cam a22002777a 4500
003 CHAP
005 20220329133829.0
008 971013s r 00010 d
010 _a11511
011 _a12483
035 _a15669
040 _cCHAP
090 _aR-2705
100 0 0 _aNeumann, J.
_980933
245 0 _aClimatic change as a topic in the classical greek and roman literature
500 _aSobretiro de : Climatic Change 7 : 441-454, 1985
590 _aBATCH-UPD
_b10
_c20130110
_lUCH01
_h1339
590 _aBATCH-UPD
_b10
_c20130410
_lUCH01
_h0841
590 _aBATCH-UPD
_b10
_c20130914
_lUCH01
_h0822
590 _aCONVERSION
_b10
_c20130109
_lUCH01
_h1308
650 1 4 _aCambios climáticos.
_917792
650 1 4 _aClimatologĂ­a
_xHistoria.
_923866
901 _aBK
942 _cREIMP
949 _aR-2705
_bBC
_cR
_d-27877
_eTS1
_i15669
_mD
_si
999 _c11511
_d11511